000 00272 a2200121 4500
001 79399
082 _a848.4 DIC
090 _c39593
_d39593
100 _aDickens Charles
245 _aOliver Twist
_hEnglish
260 _aEngland
_bPenguim Books
_c1994
300 _a508p.
942 _aNUST-CAE
_k848.4 DIC
999 _c314472
_d314472